Advances in applied mechanics (Record no. 18098)

000 -LEADER
fixed length control field 00567nam a22002297a 4500
001 - CONTROL NUMBER
control field 18098
003 - CONTROL NUMBER IDENTIFIER
control field BD-DhUET
008 - FIXED-LENGTH DATA ELEMENTS--GENERAL INFORMATION
fixed length control field 150328b xxu||||| |||| 00| 0 eng d
040 ## - CATALOGING SOURCE
Original cataloging agency DLC
Transcribing agency DLC
Modifying agency BD-DhUET
082 ## - DEWEY DECIMAL CLASSIFICATION NUMBER
Classification number 620.1
Item number ADV/1964
100 ## - MAIN ENTRY--PERSONAL NAME
Personal name Dryden, H. L.
245 ## - TITLE STATEMENT
Title Advances in applied mechanics
250 ## - EDITION STATEMENT
Edition statement 1st ed.
260 ## - PUBLICATION, DISTRIBUTION, ETC. (IMPRINT)
Place of publication, distribution, etc. New York
Name of publisher, distributor, etc. Academic Press
Date of publication, distribution, etc. 1964
300 ## - PHYSICAL DESCRIPTION
Extent x, 298p.
Other physical details ill.
500 ## - GENERAL NOTE
General note Vol. 8
504 ## - BIBLIOGRAPHY, ETC. NOTE
Bibliography, etc Includes bibliographies
650 #0 - SUBJECT ADDED ENTRY--TOPICAL TERM
Topical term or geographic name as entry element Mechanics applied
700 ## - ADDED ENTRY--PERSONAL NAME
Personal name Von Karman,Th.
700 ## - ADDED ENTRY--PERSONAL NAME
Personal name Kuerti, G.
942 ## - ADDED ENTRY ELEMENTS (KOHA)
Koha item type General Book
Holdings
Koha date last borrowed Copy number Not for loan Piece designation (barcode) Lost status Date acquired Koha normalized classification for sorting Withdrawn status Sublocation or collection (holding branch) Source of classification or shelving scheme Price effective from Koha item type Location (home branch) Koha date last seen Shelving location Koha issues (times borrowed) Damaged status Koha full call number
 1 4729 2015-03-28620_100000000000000_ADV_1964 Central Library, BUET 2015-03-28General BookCentral Library, BUET2015-03-28Circulation section  620.1/ADV/1964
2019-09-092 7904 2015-03-28620_100000000000000_ADV_1964 Central Library, BUET 2015-03-28General BookCentral Library, BUET2019-11-06Circulation section1 620.1/ADV/1964
 3 7304 2015-07-04620_100000000000000_ADV_1964 Central Library, BUET 2015-07-04Edited BookCentral Library, BUET2015-07-04Circulation section  620.1/ADV/1964